| 000 | 01170nam0a22002891 4500 | ||
|---|---|---|---|
| 001 | rc\75431 | ||
| 005 | 20260406031016.0 | ||
| 010 |
_a5-88929-030-4 _9800 |
||
| 035 | _a(NLR Aleph) 005346661 | ||
| 090 |
_a6751982 _c6751982 |
||
| 100 | _a20021216d1997 u y0rusy50 ca | ||
| 101 | 0 | _arus | |
| 102 | _aRU | ||
| 105 | _aa ||||||||| | ||
| 200 | 1 |
_aМ.С. Цвет - создатель хроматографии _fЕ.М. Сенченкова _gРос. акад. наук. Ин-т истории естествознания и техники им. С.И. Вавилова, Ин-т физ. химии |
|
| 210 |
_aМ. _cЯнус-К _d1997 |
||
| 215 |
_a439 с., [8] л. портр. _cил. _d21 |
||
| 300 | _aРез. на англ. яз. | ||
| 320 | _aОпубл. работы М.С. Цвета (M. Tswett) с.: 410-432 | ||
| 600 | 1 |
_aЦвет _bМ.С. _gМихаил Семенович _f1872-1919 _2psbo |
|
| 700 | 1 |
_4070 _7ca _8rus _aСенченкова _bЕ. М. _f1930- _gЕвгения Михайловна _3RU\NLR\AUTH\771163 _9111193 |
|
| 801 | 0 |
_aRU _bNLR _gpsbo |
|
| 801 | 1 |
_aRU _bELAR _2rusmarc |
|
| 852 |
_aNLR _j97-5/3312 |
||
| 942 | _cBOOK | ||
| 980 | _aNB | ||